گا تا جاۓ بن جارا / (Record no. 194977)

MARC details
000 -LEADER
fixed length control field 00575nam a22001937a 4500
005 - DATE AND TIME OF LATEST TRANSACTION
control field 20230206110941.0
010 ## - LCCN (DPL NO)
LC control number UR-11865
020 ## - INTERNATIONAL STANDARD BOOK NUMBER
International Standard Book Number 9788176505109
Terms of availability 125.00
035 ## - SYSTEM CONTROL NUMBER
System control number U-10420
037 ## - SOURCE OF ACQUISITION
Source of stock number/acquisition DBAD/PUB
082 ## - DEWEY DECIMAL CLASSIFICATION NUMBER
Classification number 841
100 ## - MAIN ENTRY--PERSONAL NAME
Personal name لدھ یانوی ، ساحر
245 ## - TITLE STATEMENT
Title گا تا جاۓ بن جارا /
Statement of responsibility, etc ساحر لدھیا نوی
246 ## - VARYING FORM OF TITLE
Title proper/short title Gata Jaye banjara /
Remainder of title by Sahir Ludhianvi
260 ## - PUBLICATION, DISTRIBUTION, ETC. (IMPRINT)
Place of publication, distribution, etc New Delhi
Name of publisher, distributor, etc Star Publications
Date of publication, distribution, etc 2012 ء
270 ## - ADDRESS
Postal code 110002
300 ## - PHYSICAL DESCRIPTION
Extent 144 ص
Dimensions 22cm(Hb)
942 ## - ADDED ENTRY ELEMENTS (KOHA)
Source of classification or shelving scheme Dewey Decimal Classification
Item type Urdu Bks
Call number suffix ل د ھ
Edition
Classification part 841
Holdings
Withdrawn status Lost status Not for loan Collection code Home library Current library Date acquired Source of acquisition Cost, normal purchase price Full call number Barcode Copy number Cost, replacement price Koha item type
      Non-fiction Patel Nagar Patel Nagar 06/02/2023 DBAD/PUB 125.00 841 ل د ھ U-10420 1 125.00 Urdu Bks

© Delhi Public Library
Hit Counter
free hit counter